NBA Active Top 50: playoff 3-pointers made - Statistics

General Stats
  • This quiz has been taken 38 times
  • The average score is 35 of 50
Answer Stats
Team Player 3PM % Correct
BKN Kevin Durant 304
100%
GSW Klay Thompson 374
100%
LAL LeBron James 414
100%
GSW Stephen Curry 470
100%
BKN James Harden 317
97%
TOR Kyle Lowry 184
97%
LAC Paul George 207
97%
WAS Russell Westbrook 148
97%
PHX Chris Paul 187
94%
MIA Jimmy Butler 90
94%
BKN Kyrie Irving 140
94%
POR Damian Lillard 164
91%
BOS Jaylen Brown 106
91%
BOS Jayson Tatum 80
91%
LAC Kawhi Leonard 204
91%
PHI Danny Green 269
88%
GSW Draymond Green 145
88%
BKN Jeff Green 77
88%
POR CJ McCollum 112
85%
UTA Donovan Mitchell 69
82%
WAS Bradley Beal 95
79%
MIL Khris Middleton 106
79%
DEN Jamal Murray 90
76%
DEN Nikola Jokic 64
76%
HOU Eric Gordon 150
74%
TOR Fred VanVleet 91
74%
CLE Kevin Love 141
74%
UTA Mike Conley 88
74%
BOS Kemba Walker 65
71%
BOS Marcus Smart 100
71%
OKC Al Horford 74
68%
POR Carmelo Anthony 87
65%
NOP J.J. Redick 189
65%
SAS Patty Mills 115
65%
MIA Andre Iguodala 178
62%
MIA Goran Dragic 74
56%
CHA Terry Rozier 77
53%
PHX Jae Crowder 133
47%
UTA Joe Ingles 72
47%
OKC Trevor Ariza 162
47%
SAC Harrison Barnes 75
44%
HOU PJ Tucker 95
44%
LAC Serge Ibaka 94
44%
LAC Reggie Jackson 63
41%
LAC Marcus Morris 83
35%
OKC George Hill 166
32%
BOS Jeff Teague 68
29%
LAL Wesley Matthews 79
29%
TOR Norman Powell 69
24%
ORL Al-Farouq Aminu 70
15%
No matching quizzes found
Score Distribution
Percent of People with Each Score
Percentile by Number Answered
Your Score History
You have not taken this quiz